<?xml version="1.0" encoding="UTF-8"?>
<record
    xmlns:xsi="http://www.w3.org/2001/XMLSchema-instance"
    xsi:schemaLocation="http://www.loc.gov/MARC21/slim http://www.loc.gov/standards/marcxml/schema/MARC21slim.xsd"
    xmlns="http://www.loc.gov/MARC21/slim">

  <leader>00716    a2200205   4500</leader>
  <datafield tag="020" ind1=" " ind2=" ">
    <subfield code="a">0072465638</subfield>
  </datafield>
  <datafield tag="020" ind1=" " ind2=" ">
    <subfield code="a">0071151109 (ISE)</subfield>
  </datafield>
  <datafield tag="040" ind1=" " ind2=" ">
    <subfield code="a">Library of Congress</subfield>
    <subfield code="b">English</subfield>
  </datafield>
  <datafield tag="082" ind1="0" ind2="0">
    <subfield code="a">005.74</subfield>
  </datafield>
  <datafield tag="100" ind1="1" ind2=" ">
    <subfield code="a">Ramakrishnan, Raghu.</subfield>
  </datafield>
  <datafield tag="245" ind1="1" ind2="0">
    <subfield code="a">Database management systems </subfield>
    <subfield code="c">Raghu Ramakrishnan, Johannes Gehrke.</subfield>
  </datafield>
  <datafield tag="250" ind1=" " ind2=" ">
    <subfield code="a">3rd ed.</subfield>
  </datafield>
  <datafield tag="260" ind1=" " ind2=" ">
    <subfield code="a">Boston, Mass. :</subfield>
    <subfield code="b">McGraw-Hill,</subfield>
    <subfield code="c">c2003.</subfield>
  </datafield>
  <datafield tag="300" ind1=" " ind2=" ">
    <subfield code="a">xxxii, 1065 p.:</subfield>
    <subfield code="b">ill.</subfield>
    <subfield code="c">24 cm.</subfield>
  </datafield>
  <datafield tag="650" ind1=" " ind2="0">
    <subfield code="a">Database management.</subfield>
  </datafield>
  <datafield tag="700" ind1="1" ind2=" ">
    <subfield code="a">Gehrke, Johannes.</subfield>
  </datafield>
  <datafield tag="856" ind1="4" ind2="2">
    <subfield code="3">Publisher description</subfield>
    <subfield code="u">http://www.loc.gov/catdir/description/mh024/2002075205.html</subfield>
  </datafield>
  <datafield tag="856" ind1="4" ind2="2">
    <subfield code="3">Table of contents</subfield>
    <subfield code="u">http://www.loc.gov/catdir/toc/mh023/2002075205.html</subfield>
  </datafield>
  <datafield tag="942" ind1=" " ind2=" ">
    <subfield code="c">BK</subfield>
    <subfield code="k">005.74 RAM</subfield>
    <subfield code="2">ddc</subfield>
  </datafield>
  <datafield tag="999" ind1=" " ind2=" ">
    <subfield code="c">4347</subfield>
    <subfield code="d">4347</subfield>
  </datafield>
  <datafield tag="952" ind1=" " ind2=" ">
    <subfield code="0">0</subfield>
    <subfield code="1">0</subfield>
    <subfield code="4">0</subfield>
    <subfield code="7">0</subfield>
    <subfield code="8">NFIC</subfield>
    <subfield code="a">CL</subfield>
    <subfield code="b">CL</subfield>
    <subfield code="c">DATA</subfield>
    <subfield code="d">2003-12-19</subfield>
    <subfield code="e">Allied Book Company</subfield>
    <subfield code="g">1484.70</subfield>
    <subfield code="l">0</subfield>
    <subfield code="o">005.74 RAM</subfield>
    <subfield code="p">SEECS004032</subfield>
    <subfield code="r">2012-11-14</subfield>
    <subfield code="w">2017-01-05</subfield>
    <subfield code="y">BK</subfield>
  </datafield>
  <datafield tag="952" ind1=" " ind2=" ">
    <subfield code="0">0</subfield>
    <subfield code="1">0</subfield>
    <subfield code="4">0</subfield>
    <subfield code="7">0</subfield>
    <subfield code="8">NFIC</subfield>
    <subfield code="a">CL</subfield>
    <subfield code="b">CL</subfield>
    <subfield code="c">DATA</subfield>
    <subfield code="d">2003-12-19</subfield>
    <subfield code="e">Allied Book Company</subfield>
    <subfield code="g">1484.70</subfield>
    <subfield code="l">1</subfield>
    <subfield code="o">005.74 RAM</subfield>
    <subfield code="p">SEECS004033</subfield>
    <subfield code="r">2019-01-01</subfield>
    <subfield code="s">2018-12-12</subfield>
    <subfield code="w">2017-01-05</subfield>
    <subfield code="y">BK</subfield>
  </datafield>
  <datafield tag="952" ind1=" " ind2=" ">
    <subfield code="0">0</subfield>
    <subfield code="1">0</subfield>
    <subfield code="4">0</subfield>
    <subfield code="7">0</subfield>
    <subfield code="8">NFIC</subfield>
    <subfield code="a">CL</subfield>
    <subfield code="b">CL</subfield>
    <subfield code="c">DATA</subfield>
    <subfield code="d">2003-02-04</subfield>
    <subfield code="e">Allied Book Company</subfield>
    <subfield code="g">1361.31</subfield>
    <subfield code="l">2</subfield>
    <subfield code="o">005.74 RAM</subfield>
    <subfield code="p">SEECS003038</subfield>
    <subfield code="r">2014-12-07</subfield>
    <subfield code="s">2014-10-26</subfield>
    <subfield code="w">2017-01-05</subfield>
    <subfield code="y">BK</subfield>
  </datafield>
  <datafield tag="952" ind1=" " ind2=" ">
    <subfield code="0">0</subfield>
    <subfield code="1">0</subfield>
    <subfield code="4">0</subfield>
    <subfield code="7">0</subfield>
    <subfield code="8">NFIC</subfield>
    <subfield code="a">CL</subfield>
    <subfield code="b">CL</subfield>
    <subfield code="c">DATA</subfield>
    <subfield code="d">2003-12-04</subfield>
    <subfield code="e">Allied Book Company</subfield>
    <subfield code="g">1317.63</subfield>
    <subfield code="l">2</subfield>
    <subfield code="o">005.74 RAM</subfield>
    <subfield code="p">SEECS003983</subfield>
    <subfield code="q">2019-10-20</subfield>
    <subfield code="r">2019-09-20</subfield>
    <subfield code="s">2019-09-20</subfield>
    <subfield code="w">2017-01-05</subfield>
    <subfield code="y">BK</subfield>
  </datafield>
  <datafield tag="952" ind1=" " ind2=" ">
    <subfield code="0">0</subfield>
    <subfield code="1">0</subfield>
    <subfield code="4">0</subfield>
    <subfield code="7">0</subfield>
    <subfield code="8">NFIC</subfield>
    <subfield code="a">CL</subfield>
    <subfield code="b">CL</subfield>
    <subfield code="c">DATA</subfield>
    <subfield code="d">2013-01-07</subfield>
    <subfield code="e">Allied Book Company</subfield>
    <subfield code="g">2161.30</subfield>
    <subfield code="l">4</subfield>
    <subfield code="o">005.74 RAM</subfield>
    <subfield code="p">SEECS011788</subfield>
    <subfield code="r">2018-12-14</subfield>
    <subfield code="s">2018-11-14</subfield>
    <subfield code="w">2013-01-10</subfield>
    <subfield code="y">BK</subfield>
  </datafield>
</record>
